Good morning, children : (Record no. 24787)
[ view plain ]
| 000 -LEADER | |
|---|---|
| fixed length control field | 00696nam a2200205 a 4500 |
| 005 - DATE AND TIME OF LATEST TRANSACTION | |
| control field | 20140310183540.0 |
| 008 - FIXED-LENGTH DATA ELEMENTS--GENERAL INFORMATION | |
| fixed length control field | 111011s19uu xx 00 eng d |
| 010 ## - LIBRARY OF CONGRESS CONTROL NUMBER | |
| LC control number | 2008043296 |
| 020 ## - INTERNATIONAL STANDARD BOOK NUMBER | |
| International Standard Book Number | 9780876590782 |
| 050 ## - LIBRARY OF CONGRESS CALL NUMBER | |
| Classification number | LB 1140.245.N494 |
| Item number | .P37 2009 |
| 100 ## - MAIN ENTRY--PERSONAL NAME | |
| Personal name | Pappas, Sophia E. |
| 245 ## - TITLE STATEMENT | |
| Title | Good morning, children : |
| Remainder of title | my first years in early childhood education / |
| Statement of responsibility, etc | Sophia E. Pappas. |
| 260 ## - PUBLICATION, DISTRIBUTION, ETC. (IMPRINT) | |
| Place of publication, distribution, etc | Beltsville, MD : |
| Name of publisher, distributor, etc | Gryphon House, |
| Date of publication, distribution, etc | 2009. |
| 300 ## - PHYSICAL DESCRIPTION | |
| Extent | 188 p. : |
| Other physical details | ill. ; |
| Dimensions | 19 cm. |
| 521 ## - TARGET AUDIENCE NOTE | |
| Target audience note | |
| 650 ## - SUBJECT ADDED ENTRY--TOPICAL TERM | |
| Topical term or geographic name as entry element | Preschool teaching |
| Geographic subdivision | New Jersey |
| -- | Newark |
| 650 ## - SUBJECT ADDED ENTRY--TOPICAL TERM | |
| Topical term or geographic name as entry element | Children with social disabilities |
| General subdivision | Education (Preschool) |
| Geographic subdivision | New Jersey |
| -- | Newark |
| 942 ## - ADDED ENTRY ELEMENTS (KOHA) | |
| Koha item type | Books |
| Source of classification or shelving scheme | Library of Congress Classification |
| Call number prefix | Foreign |
| Withdrawn status | Lost status | Source of classification or shelving scheme | Damaged status | Home library | Current library | Shelving location | Date acquired | Source of acquisition | Cost, normal purchase price | Total Checkouts | Full call number | Barcode | Date last seen | Copy number | Price effective from | Koha item type |
|---|---|---|---|---|---|---|---|---|---|---|---|---|---|---|---|---|
| Library of Congress Classification | College Library | College Library | General Circulation Section | 10/11/2011 | Donation | 1398.00 | LB 1140.245.N494 .P37 2009 | C13267 | 05/15/2018 | 1 | 10/18/2013 | Books |